[Event "Kimry op 51st"]
[Site "Kimry"]
[Date "2010.04.17"]
[Round "1"]
[White "Kapranov, Vladimir"]
[Black "Dementieva, Julia"]
[Result "1-0"]
[WhiteElo "1983"]
[BlackElo "1624"]
[PlyCount "53"]
[EventDate "2010.04.17"]
[EventType "swiss"]
[EventRounds "8"]
[EventCountry "RUS"]
[SourceTitle "CBM 136 Extra"]
[Source "ChessBase"]
[SourceDate "2010.07.02"]
[SourceVersion "2"]
[SourceVersionDate "2010.07.15"]
[SourceQuality "1"]

1. d4 d5 2. Nf3 e6 3. c4 Nf6 4. Nc3 Bb4 5. e3 Ne4 6. Bd2 Bxc3 7. Bxc3 Nxc3 8. bxc3 b6 9. cxd5 exd5 10. Bd3 0-0 11. 0-0 Bb7 12. Ne5 Nd7 13. f4 Nf6 14. a4 a5 15. Qc2 Bc8 16. f5 Nd7 17. Nxd7 Bxd7 18. f6 g6 19. Qf2 Re8 20. Qf4 Re6 21. Qg5 Rd6 22. h4 Kh8 23. h5 Qg8 24. hxg6 hxg6 25. Rf4 Qf8 26. Rh4+ Kg8 27. Bxg6 1-0

[Event "Kimry Winter"]
[Site "Kimry"]
[Date "2010.01.25"]
[Round "5"]
[White "Mikhailov, Ivan"]
[Black "Kapranov, Vladimir"]
[Result "1-0"]
[WhiteElo "1948"]
[BlackElo "1922"]
[PlyCount "69"]
[EventDate "2010.01.23"]
[EventType "swiss"]
[EventRounds "8"]
[EventCountry "RUS"]
[SourceTitle "EXT 2022"]
[Source "ChessBase"]
[SourceDate "2021.10.06"]
[SourceVersion "1"]
[SourceVersionDate "2021.10.06"]
[SourceQuality "1"]

1. d4 Nf6 2. c4 g6 3. Nc3 Bg7 4. e4 d6 5. Nf3 0-0 6. Be2 e5 7. d5 a5 8. Bg5 Na6 9. Nd2 Nc5 10. b3 Bd7 11. a3 h6 12. Be3 Ne8 13. 0-0 f5 14. f3 Nf6 15. b4 axb4 16. axb4 Na6 17. Qb3 Kh7 18. c5 f4 19. Bf2 Qe7 20. c6 Bc8 21. Bxa6 Rxa6 22. b5 Rxa1 23. Rxa1 b6 24. Ra7 Qd8 25. Nc4 g5 26. Na4 g4 27. Naxb6 gxf3 28. Nxc8 Nxe4 29. Qd3 Qxc8 30. Qxe4+ Kh8 31. Qe3 e4 32. Qxe4 Re8 33. Rxc7 Qa8 34. Ra7 Qc8 35. Nxd6 1-0

[Event "Kimry Winter"]
[Site "Kimry"]
[Date "2010.01.24"]
[Round "3"]
[White "Kazantseva, Natalia"]
[Black "Kapranov, Vladimir"]
[Result "0-1"]
[WhiteElo "1763"]
[BlackElo "1922"]
[PlyCount "28"]
[EventDate "2010.01.23"]
[EventType "swiss"]
[EventRounds "8"]
[EventCountry "RUS"]
[SourceTitle "EXT 2022"]
[Source "ChessBase"]
[SourceDate "2021.10.06"]
[SourceVersion "1"]
[SourceVersionDate "2021.10.06"]
[SourceQuality "1"]

1. e4 c5 2. Nf3 d6 3. Nc3 Nc6 4. Bb5 Bd7 5. 0-0 Nf6 6. d3 e6 7. Bg5 Be7 8. Re1 0-0 9. e5 Nxe5 10. Nxe5 dxe5 11. Rxe5 Bxb5 12. Nxb5 Qb6 13. Nc3 Qxb2 14. Na4 Qxe5 0-1